000 00433nam a2200193Ia 4500
005 20250423095116.0
008 250422s9999 xx 000 0 und d
020 _a9780133197846
050 _aQE26.2 .T38/
100 _aTarbuck, Edward J.
245 0 _aEarth sciences
250 _a13th ed.
260 _aNew Jersey
260 _bPearson
260 _c2013
300 _a803 p
650 _aEarth sciences.
942 _cBK
999 _c29266
_d29266